| 000 | 01545nam a2200373 a 4500 | ||
|---|---|---|---|
| 001 | ebr10132836 | ||
| 003 | CaPaEBR | ||
| 006 | m u | ||
| 007 | cr cn||||||||| | ||
| 008 | 040506s2003 quc sb 001 0 eng d | ||
| 010 | _z 2004381584 | ||
| 016 | _z20029035864 | ||
| 020 | _z0773524789 (alk. paper) | ||
| 040 |
_aCaPaEBR _cCaPaEBR |
||
| 035 | _a(OCoLC)123470261 | ||
| 043 | _an-cnm-- | ||
| 050 | 1 | 4 |
_aPR9198.2.M3 _bC74 2003eb |
| 082 | 0 | 4 |
_a813/.50912 _222 |
| 100 | 1 |
_aCreelman, David Craig, _d1962- |
|
| 245 | 1 | 0 |
_aSetting in the east _h[electronic resource] : _bMaritime realist fiction / _cDavid Creelman. |
| 260 |
_aMontreal ; _aIthaca : _bMcGill-Queen's University Press, _cc2003. |
||
| 300 | _axii, 247 p. | ||
| 504 | _aIncludes bibliographical references (p. [225]-239) and index. | ||
| 533 |
_aElectronic reproduction. _bPalo Alto, Calif. : _cebrary, _d2013. _nAvailable via World Wide Web. _nAccess may be limited to ebrary affiliated libraries. |
||
| 650 | 0 |
_aCanadian fiction _zMaritime Provinces _xHistory and criticism. |
|
| 650 | 0 |
_aAuthors, Canadian _xHomes and haunts _zMaritime Provinces. |
|
| 650 | 0 |
_aCanadian fiction _y20th century _xHistory and criticism. |
|
| 650 | 0 | _aRealism in literature. | |
| 651 | 0 |
_aMaritime Provinces _xIntellectual life. |
|
| 651 | 0 |
_aMaritime Provinces _xIn literature. |
|
| 655 | 7 |
_aElectronic books. _2local |
|
| 710 | 2 | _aebrary, Inc. | |
| 856 | 4 | 0 |
_uhttp://site.ebrary.com/lib/rucke/Doc?id=10132836 _zAn electronic book accessible through the World Wide Web; click to view |
| 999 |
_c182452 _d182452 |
||